| 000 | 00785nam a22002177a 4500 | ||
|---|---|---|---|
| 008 | 120810t nyu||||| |||| 00| 0 eng d | ||
| 020 | _a139783110185973 | ||
| 020 | _a103110185970 | ||
| 050 | 0 | 4 |
_aPM3008 _bM48 2006 |
| 245 | 0 | 0 |
_aMexican indigenous languages at the dawn of the twenty- first century / _cedited by Margarita Hidalgo |
| 250 | _a1a ed. | ||
| 260 |
_aBerlin ; New York : _bMouton de Gruyter, _cc2006 |
||
| 300 |
_axi, 382 p. : _bil. ; _c24 cm. |
||
| 440 | 0 |
_aContributions to the sociology of language ; _v91 |
|
| 504 | _aIncluye referencias bibliograficas e índice | ||
| 650 | 4 |
_aIndios de México _xLenguas |
|
| 650 | 4 |
_aLenguaje y cultura _zMéxico |
|
| 650 | 4 |
_aPolítica lingüística _zMéxico |
|
| 700 | 1 |
_aHidalgo, Margarita, _qed. |
|
| 942 |
_2lcc _cLIB |
||
| 999 |
_c32538 _d32538 |
||